[Event "RSA-ch U18"]
[Site "Gauteng"]
[Date "2017.04.11"]
[Round "11"]
[White "Minifie, Joshua"]
[Black "Tshabalala, Ernest"]
[Result "0-1"]
[WhiteElo "1747"]
[BlackElo "2003"]
[PlyCount "59"]
[EventDate "2017.04.05"]
[EventType "swiss"]
[EventRounds "11"]
[EventCountry "RSA"]
[SourceTitle "CBM 177 Extra"]
[Source "ChessBase"]
[SourceDate "2017.04.27"]
[SourceVersion "1"]
[SourceVersionDate "2017.04.27"]
[SourceQuality "1"]

1. e4 c5 2. Nf3 d6 3. d4 cxd4 4. Nxd4 Nf6 5. Nc3 a6 6. Be2 e6 7. f4 Qc7 8. Bf3 Nc6 9. Be3 Bd7 10. 0-0 Be7 11. Re1 0-0 12. g4 Rac8 13. Nb3 b6 14. Qe2 Nb4 15. Qf2 Qb7 16. Rac1 d5 17. exd5 Nfxd5 18. Nxd5 exd5 19. Kh1 Bf6 20. Bd4 Bxd4 21. Nxd4 Qc7 22. Qd2 Qd6 23. c3 Nc6 24. Nxc6 Bxc6 25. Rcd1 Rfd8 26. Qd4 Qc5 27. c4 Ba8 28. cxd5 Rd6 29. Rc1 Qxc1 30. Rxc1 0-1

[Event "RSA-ch U18"]
[Site "Gauteng"]
[Date "2017.04.09"]
[Round "8"]
[White "Waters, Anre"]
[Black "Minifie, Joshua"]
[Result "1-0"]
[WhiteElo "1500"]
[BlackElo "1747"]
[PlyCount "91"]
[EventDate "2017.04.05"]
[EventType "swiss"]
[EventRounds "11"]
[EventCountry "RSA"]
[SourceTitle "CBM 177 Extra"]
[Source "ChessBase"]
[SourceDate "2017.04.27"]
[SourceVersion "1"]
[SourceVersionDate "2017.04.27"]
[SourceQuality "1"]

1. d4 d5 2. e3 e6 3. Bd3 Bd6 4. f4 Qh4+ 5. g3 Qe7 6. Nf3 Nc6 7. c3 f5 8. 0-0 Bd7 9. Nbd2 Nf6 10. Ne5 Ne4 11. Ndf3 0-0-0 12. Bd2 Bxe5 13. Nxe5 Nxe5 14. fxe5 h5 15. Bxe4 fxe4 16. a4 g5 17. h3 g4 18. h4 Rdf8 19. Rf4 Kb8 20. b4 a6 21. b5 Rxf4 22. exf4 axb5 23. a5 Bc8 24. Qb3 Qd7 25. Rb1 c6 26. Bc1 Kc7 27. Ba3 Kd8 28. Bd6 Ke8 29. Qb4 Qh7 30. Rf1 e3 31. Qb1 e2 32. Re1 Qxb1 33. Rxb1 Kd8 34. Kf2 Rh7 35. Kxe2 Rf7 36. Ke3 b6 37. axb6 Bb7 38. Ra1 Kc8 39. Ra7 Rf5 40. Be7 Kb8 41. Bd6+ Kc8 42. Kd2 Kd8 43. Kc2 Bc8 44. Kb3 Bd7 45. Kb4 Kc8 46. Kc5 1-0

[Event "RSA-ch U18"]
[Site "Gauteng"]
[Date "2017.04.08"]
[Round "7"]
[White "Minifie, Joshua"]
[Black "Roos, Lucas"]
[Result "0-1"]
[WhiteElo "1747"]
[BlackElo "1767"]
[PlyCount "68"]
[EventDate "2017.04.05"]
[EventType "swiss"]
[EventRounds "11"]
[EventCountry "RSA"]
[SourceTitle "CBM 177 Extra"]
[Source "ChessBase"]
[SourceDate "2017.04.27"]
[SourceVersion "1"]
[SourceVersionDate "2017.04.27"]
[SourceQuality "1"]

1. e4 d6 2. Nf3 g6 3. d4 Bg7 4. Be2 Nd7 5. Nc3 a6 6. a4 b6 7. Be3 Bb7 8. Nd2 e6 9. f4 Ne7 10. 0-0 0-0 11. Nb3 d5 12. e5 Nf5 13. Bf2 h6 14. Bd3 f6 15. Bxf5 exf5 16. Be3 Re8 17. Qd2 Qe7 18. Ne2 c5 19. c3 cxd4 20. cxd4 fxe5 21. fxe5 Nxe5 22. dxe5 Qxe5 23. Bd4 Qxe2 24. Qxe2 Rxe2 25. Bxg7 Kxg7 26. Rf2 Rae8 27. Nd4 Re1+ 28. Rxe1 Rxe1+ 29. Rf1 Rxf1+ 30. Kxf1 Kf6 31. Ke2 Ke5 32. Ke3 f4+ 33. Kd3 a5 34. Nf3+ Kf5 0-1

[Event "RSA-ch U18"]
[Site "Gauteng"]
[Date "2017.04.05"]
[Round "1"]
[White "Minifie, Joshua"]
[Black "Kubheka, Lucky"]
[Result "0-1"]
[WhiteElo "1747"]
[BlackElo "1387"]
[PlyCount "64"]
[EventDate "2017.04.05"]
[EventType "swiss"]
[EventRounds "11"]
[EventCountry "RSA"]
[SourceTitle "CBM 177 Extra"]
[Source "ChessBase"]
[SourceDate "2017.04.27"]
[SourceVersion "1"]
[SourceVersionDate "2017.04.27"]
[SourceQuality "1"]

1. e4 c5 2. Nf3 d6 3. d4 cxd4 4. Nxd4 Nf6 5. Nc3 a6 6. Bd3 e5 7. Nb3 Be6 8. 0-0 Be7 9. Kh1 0-0 10. f4 Nbd7 11. fxe5 dxe5 12. Be3 Rc8 13. Nd5 Bxd5 14. exd5 e4 15. Be2 Bd6 16. Rc1 Qc7 17. h3 Be5 18. c3 Qd6 19. Bg4 Nxg4 20. Qxg4 Nf6 21. Qg5 h6 22. Qf5 Qxd5 23. Rcd1 Qe6 24. Nd4 Bxd4 25. Qxe6 fxe6 26. Bxd4 Rcd8 27. Rde1 Rd5 28. Bxf6 Rxf6 29. Rxf6 gxf6 30. Rxe4 Kf7 31. Re2 b5 32. a3 h5 0-1

[Event "RSA-ch U16"]
[Site "Bloemfontein"]
[Date "2016.03.26"]
[Round "11"]
[White "Booysen, Antonio"]
[Black "Minifie, Joshua"]
[Result "1-0"]
[WhiteElo "1607"]
[BlackElo "1532"]
[PlyCount "42"]
[EventDate "2016.03.20"]
[EventType "swiss"]
[EventRounds "11"]
[EventCountry "RSA"]
[SourceTitle "CBM 171 Extra"]
[Source "ChessBase"]
[SourceDate "2016.04.26"]
[SourceVersion "1"]
[SourceVersionDate "2016.04.26"]
[SourceQuality "1"]

1. e4 e5 2. Nf3 Nc6 3. Bb5 a6 4. Ba4 f5 5. d3 d6 6. 0-0 f4 7. d4 b5 8. Bb3 Bg4 9. dxe5 Nxe5 10. Bxf4 Bxf3 11. gxf3 Qf6 12. Bxe5 dxe5 13. Qd5 Rd8 14. Qe6+ Be7 15. Qxf6 Nxf6 16. Nc3 c5 17. Bd5 Nxd5 18. Nxd5 Bd6 19. Kg2 0-0 20. Rae1 Rf7 21. Ne3 Rfd7 1-0

[Event "RSA-ch U16"]
[Site "Bloemfontein"]
[Date "2016.03.23"]
[Round "7"]
[White "Beukman, Eduan"]
[Black "Minifie, Joshua"]
[Result "1/2-1/2"]
[WhiteElo "1520"]
[BlackElo "1532"]
[PlyCount "43"]
[EventDate "2016.03.20"]
[EventType "swiss"]
[EventRounds "11"]
[EventCountry "RSA"]
[SourceTitle "CBM 171 Extra"]
[Source "ChessBase"]
[SourceDate "2016.04.26"]
[SourceVersion "1"]
[SourceVersionDate "2016.04.26"]
[SourceQuality "1"]

1. e4 e5 2. Nf3 Nc6 3. d4 exd4 4. Nxd4 Bc5 5. Be3 Qf6 6. Nb5 Bxe3 7. fxe3 Kd8 8. N1c3 Nge7 9. Bc4 Qh6 10. Qe2 Ne5 11. Bb3 d6 12. Nd4 Bg4 13. Qd2 a6 14. a4 c5 15. Nde2 Qh4+ 16. Ng3 Kc7 17. Qf2 Be6 18. Nd5+ Nxd5 19. exd5 Qb4+ 20. Qd2 Qxd2+ 21. Kxd2 Bd7 22. c3 1/2-1/2

[Event "RSA-ch U16"]
[Site "Bloemfontein"]
[Date "2016.03.23"]
[Round "6"]
[White "Minifie, Joshua"]
[Black "Moodley, Tarendra"]
[Result "1-0"]
[WhiteElo "1532"]
[BlackElo "1580"]
[PlyCount "74"]
[EventDate "2016.03.20"]
[EventType "swiss"]
[EventRounds "11"]
[EventCountry "RSA"]
[SourceTitle "CBM 171 Extra"]
[Source "ChessBase"]
[SourceDate "2016.04.26"]
[SourceVersion "1"]
[SourceVersionDate "2016.04.26"]
[SourceQuality "1"]

1. e4 e5 2. Nf3 Nc6 3. Bb5 a6 4. Ba4 Nf6 5. 0-0 b5 6. Bb3 Be7 7. Re1 0-0 8. h3 d6 9. c3 Na5 10. Bc2 c5 11. d4 Nc6 12. d5 Na7 13. Nbd2 Bd7 14. Nf1 Nc8 15. b3 Nb6 16. Nxe5 dxe5 17. d6 Bc6 18. dxe7 Qxe7 19. Bg5 h6 20. Bh4 Bd7 21. Ne3 Be6 22. Nd5 Bxd5 23. exd5 Rad8 24. c4 bxc4 25. bxc4 Nxc4 26. Bxf6 Qxf6 27. Qd3 g6 28. Qxc4 Rfe8 29. Rab1 Kg7 30. Re3 Qd6 31. Rd1 Rb8 32. Rb3 Rbd8 33. Ra3 Ra8 34. Ra5 Rec8 35. Bd3 Rd8 36. Rxc5 Rd7 37. Rc1 Rc7 1-0

[Event "RSA-chT U16"]
[Site "Cape Town"]
[Date "2016.01.06"]
[Round "6.2"]
[White "Minifie, Joshua"]
[Black "Mashala, Thabo"]
[Result "1-0"]
[WhiteElo "1507"]
[BlackElo "1233"]
[PlyCount "27"]
[EventDate "2016.01.04"]
[EventType "team-tourn"]
[EventRounds "7"]
[EventCountry "RSA"]
[SourceTitle "CBM 170 Extra"]
[Source "ChessBase"]
[SourceDate "2016.02.25"]
[SourceVersion "1"]
[SourceVersionDate "2016.02.25"]
[SourceQuality "1"]
[WhiteTeam "Tshwane"]
[BlackTeam "Sedibeng"]
[WhiteTeamCountry "RSA"]
[BlackTeamCountry "RSA"]

1. e4 e5 2. Nf3 Nc6 3. Bc4 Bc5 4. 0-0 Nf6 5. c3 0-0 6. d4 Bd6 7. dxe5 Nxe5 8. Nxe5 Bxe5 9. f4 Bd6 10. e5 Bc5+ 11. Kh1 Ne8 12. Bd3 d6 13. Nd2 dxe5 14. Ne4 1-0

[Event "RSA-ch U16"]
[Site "Waterkloof"]
[Date "2015.04.08"]
[Round "8"]
[White "Minifie, Joshua"]
[Black "Marais, Daniel Petrus"]
[Result "1/2-1/2"]
[WhiteElo "1611"]
[BlackElo "1688"]
[PlyCount "151"]
[EventDate "2015.04.04"]
[EventType "swiss"]
[EventRounds "9"]
[EventCountry "RSA"]
[SourceTitle "CBM 166 Extra"]
[Source "ChessBase"]
[SourceDate "2015.06.18"]
[SourceVersion "1"]
[SourceVersionDate "2015.06.18"]
[SourceQuality "1"]

1. e4 e5 2. Nf3 Nc6 3. Bb5 a6 4. Ba4 Nf6 5. Qe2 b5 6. Bb3 Be7 7. c3 Bb7 8. d4 d6 9. 0-0 0-0 10. Rd1 Qc8 11. Nbd2 h6 12. Nf1 Re8 13. Ng3 Bf8 14. h3 Na5 15. Bc2 c5 16. dxe5 dxe5 17. b3 c4 18. b4 Nc6 19. Be3 Qc7 20. a4 Rad8 21. a5 Rxd1+ 22. Rxd1 Rd8 23. Bb6 Rxd1+ 24. Qxd1 Qd7 25. Qxd7 Nxd7 26. Bc7 g6 27. h4 Kg7 28. h5 Kf6 29. Nh2 Ke6 30. hxg6 fxg6 31. Ng4 Nf6 32. Nxf6 Kxf6 33. Nf1 h5 34. Ne3 Ke6 35. Kf1 Nd4 36. Bb1 Nb3 37. Ke1 Bh6 38. Bb6 Bg5 39. Ke2 Kd7 40. g3 Ke6 41. Kd1 Bf6 42. Ng2 g5 43. Ne3 h4 44. gxh4 gxh4 45. Ng4 Bg5 46. Be3 Bxe3 47. Nxe3 h3 48. Ng4 Bc8 49. f3 Kd6 50. Nh2 Ke7 51. Ke2 Kf6 52. Kf2 Kg5 53. Nf1 Kf4 54. Bc2 Nc1 55. Bb1 Be6 56. Nh2 Bd7 57. Nf1 Be8 58. Ne3 Ne2 59. Nd5+ Kg5 60. Bc2 h2 61. Kg2 Nf4+ 62. Kxh2 Nxd5 63. exd5 Kf4 64. Be4 Bd7 65. d6 Ke3 66. Bb7 Kd3 67. Bxa6 Kxc3 68. Bb7 Kxb4 69. a6 c3 70. Be4 Bc6 71. Bxc6 c2 72. a7 c1Q 73. a8Q Qh6+ 74. Kg2 Qd2+ 75. Kh3 Qh6+ 76. Kg2 1/2-1/2

[Event "RSA-ch U16"]
[Site "Waterkloof"]
[Date "2015.04.04"]
[Round "1"]
[White "Kolver, Chris"]
[Black "Minifie, Joshua"]
[Result "1-0"]
[WhiteElo "1931"]
[BlackElo "1611"]
[PlyCount "107"]
[EventDate "2015.04.04"]
[EventType "swiss"]
[EventRounds "9"]
[EventCountry "RSA"]
[SourceTitle "CBM 166 Extra"]
[Source "ChessBase"]
[SourceDate "2015.06.18"]
[SourceVersion "1"]
[SourceVersionDate "2015.06.18"]
[SourceQuality "1"]

1. d4 d5 2. c4 e6 3. Nc3 Be7 4. cxd5 exd5 5. Bf4 c6 6. Qc2 Bd6 7. Bxd6 Qxd6 8. e3 Nf6 9. Bd3 0-0 10. Nge2 b6 11. Ng3 Ba6 12. 0-0 Bxd3 13. Qxd3 Re8 14. Rad1 Nbd7 15. f3 Rad8 16. Rfe1 b5 17. Qc2 Nb6 18. b3 b4 19. Nce2 g6 20. Nc1 a5 21. Nd3 Nbd7 22. Rc1 Rc8 23. Kf2 h5 24. Re2 h4 25. Nf1 Kg7 26. Nc5 h3 27. g3 Nh7 28. Nxd7 Qxd7 29. Qc5 Ng5 30. Nd2 Qc7 31. Qc2 Ne6 32. Qd3 Qa7 33. Nf1 Qb7 34. Rec2 Ng5 35. Rc5 Qb6 36. Qc2 Re6 37. Rxd5 cxd5 38. Qxc8 Rf6 39. Nd2 Ne4+ 40. Nxe4 dxe4 41. f4 Qb5 42. Qc4 Qh5 43. Qe2 Qh6 44. Rc5 Rf5 45. Qg4 Rxc5 46. dxc5 f5 47. Qd1 Kf6 48. Qd6+ Kf7 49. Qd7+ Kf6 50. c6 Qh5 51. Qd2 Qf3+ 52. Kg1 Qg2+ 53. Qxg2 hxg2 54. c7 1-0